000 00732nam a2200217Ia 4500
003 OSt
005 20260105100621.0
008 220923b |||||||| |||| 00| 0 eng d
020 _a9780822345336
037 _cGeneral Book
040 _aRTL
_cRTL
_beng
041 _2eng
_aeng
084 _aY:3(S:5).2, P9
_qRTL
100 _aArondekar Anjali
_9265749
245 0 _aFor the record: on sexuality and the colonial archive in India
_b
260 _aDurham
_bDuke University Press
_c2009
300 _axii, 215 p.
_bIncludes bibliographical references and index.
650 _aSociology
_9861626
942 _hY:3(S:5).2, P9
_cGB
_2CC
_n0
999 _c546147
_d546147